DbD All Killer Perks (release - Dredge) - Statistics

General Stats
  • This quiz has been taken 78 times
  • The average score is 52 of 97
Answer Stats
Answer % Correct
Hex: Ruin
70%
Hex: Undying
70%
Bamboozle
67%
I’m All Ears
67%
Iron Maiden
67%
Lightborn
67%
Save The Best For Last
67%
Agitation
65%
A Nurse’s Calling
65%
Eruption
65%
Hex: Devour Hope
65%
Jolt
65%
Play With Your Food
65%
Tinkerer
65%
Brutal Strength
63%
Discordance
63%
Dying Light
63%
Franklin’s Demise
63%
Lethal Pursuer
63%
Starstruck
63%
Barbecue and Chilli
60%
Blood Warden
60%
Deadlock
60%
Hex: Huntress Lullaby
60%
Hex: No One Escapes Death
60%
Hex: Plaything
60%
No Way Out
60%
Overcharge
60%
Shadowborn
60%
Spirit Fury
60%
Call of Brine
58%
Dragon’s Grip
58%
Fire Up
58%
Hex: Blood Favour
58%
Make Your Choice
58%
Merciless Storm
58%
Pop Goes The Weasel
58%
Remember Me
58%
Stridor
58%
Thanatophobia
58%
Bloodhound
56%
Darkness Revealed
56%
Enduring
56%
Monitor and Abuse
56%
Predator
56%
Scourge Hook: Pain Resonance
56%
Surveillance
56%
Corrupt Intervention
53%
Dead Man’s Switch
53%
Gearhead
53%
Grim Embrace
53%
Hex: Haunted Ground
53%
Hex: Pentimento
53%
Knockout
53%
Thrilling Tremors
53%
Coulrophobia
51%
Hex: The Third Seal
51%
Hysteria
51%
Mad Grit
51%
Nemesis
51%
Rancor
51%
Blood Echo
49%
Claustrophobia
49%
Hex: Crowd Control
49%
Hex: Thrill of the Hunt
49%
Scourge Hook: Gift of Pain
49%
Septic Touch
49%
Sloppy Butcher
49%
Territorial Imperative
49%
Unnerving Presence
49%
Bitter Murmur
47%
Fearmonger
47%
Furtive Chase
47%
Beast of Prey
44%
Coup De Grace
44%
Dark Devotion
44%
Dissolution
44%
Forced Penance
44%
Hangman’s Trick
44%
Insidious
44%
Overwhelming Presence
44%
Scourge Hook: Floods of Rage
44%
Zanshin Tactics
44%
Deathbound
42%
Iron Grasp
42%
Oppression
42%
Spies From The Shadows
42%
Trail of Torment
42%
Deerstalker
40%
Hex: Retribution
40%
Infectious Fright
40%
Hoarder
37%
Monstrous Shrine
37%
Whispers
37%
Distressing
35%
Shattered Hope
33%
Unrelenting
33%
No matching quizzes found
Score Distribution
Percent of People with Each Score
Percentile by Number Answered
Your Score History
You have not taken this quiz